[Event "Somes Open"]
[Site "Satu-Mare ROM"]
[Date "2002.07.27"]
[Round "2"]
[White "Ardelean,G"]
[Black "Toma,A"]
[Result "1-0"]
[WhiteElo "2444"]
[BlackElo "2247"]

1.e4 c5 2.Nf3 e6 3.Nc3 Nc6 4.d4 cxd4 5.Nxd4 Nf6 6.Ndb5 d6 7.Bf4 e5 8.Bg5 a6
9.Na3 b5 10.Bxf6 Qxf6 11.Nd5 Qd8 12.Bxb5 axb5 13.Nxb5 Qa5+ 14.c3 Kd8 15.a4 Rb8
16.b4 Qa8 17.O-O Rb7 18.Qe2 Be6 19.Rfd1 Qb8 20.Na3 Ne7 21.a5 Nxd5 22.exd5 Bd7
23.b5 Bxb5 24.Nxb5 Rxb5 25.a6 Rb6 26.a7 Qa8 27.Qe3 Kc7 28.Rdb1 Rxb1+ 29.Rxb1 Qxd5
30.Qb6+ Kd7 31.Qb7+  1-0

[Event "2nd Summer Open"]
[Site "Savaria HUN"]
[Date "2002.07.27"]
[Round "3"]
[White "Dovzik,J"]
[Black "Gjuran,D"]
[Result "1-0"]
[WhiteElo "2399"]
[BlackElo "2183"]

1.e4 c5 2.Nf3 e6 3.d4 cxd4 4.Nxd4 Nc6 5.Nc3 Qc7 6.Be2 a6 7.O-O Nf6 8.Be3 Be7
9.f4 d6 10.Qe1 O-O 11.Qg3 Nxd4 12.Bxd4 b5 13.a3 Bb7 14.Rae1 Rad8 15.Kh1 Rd7
16.Bd3 Re8 17.h3 Qd8 18.Qf3 Bf8 19.Bf2 d5 20.e5 d4 21.Ne4 Nxe4 22.Bxe4 Bxe4
23.Qxe4 d3 24.c3 Qc7 25.Rd1 Qc4 26.Bd4 Bc5 27.Qc6  1-0

[Event "6th Open"]
[Site "Korinthos GRE"]
[Date "2002.07.30"]
[Round "8"]
[White "Carlsson,D"]
[Black "Romanishin,O"]
[Result "0-1"]
[WhiteElo "2284"]
[BlackElo "2559"]

1.e4 c5 2.Nf3 e6 3.d4 cxd4 4.Nxd4 Nc6 5.Nc3 a6 6.Nxc6 bxc6 7.Bd3 d5 8.O-O Nf6
9.Qe2 Be7 10.b3 O-O 11.Kh1 Nd7 12.exd5 cxd5 13.Na4 Bf6 14.Bb2 Bb7 15.c4 Bxb2
16.Nxb2 Qh4 17.cxd5 Nf6 18.f3 Nxd5 19.Qe4 Qh6 20.Nc4 Rad8 21.Qe5 Nf4 22.Be4 Bd5
23.Rad1 f5 24.Bxd5 exd5 25.Rd4 Nxg2 26.Rfd1 Nh4 27.Qg3 f4 28.Qg4 Qf6 29.Ne5 Nf5
30.Rxd5 Rxd5 31.Rxd5 Ne3 32.Qd7 Nxd5 33.Qxd5+ Kh8 34.b4 g6 35.Nd7 Qa1+ 36.Kg2 Rf5  0-1

[Event "ch-IRI"]
[Site "Tehran IRI"]
[Date "2002.07.30"]
[Round "4"]
[White "Vahidi,M"]
[Black "Ghorbani,M"]
[Result "0-1"]
[WhiteElo "2226"]
[BlackElo "2328"]

1.e4 c5 2.Nf3 Nc6 3.Nc3 e6 4.d4 cxd4 5.Nxd4 Nf6 6.Ndb5 d6 7.Bf4 e5 8.Bg5 a6
9.Na3 b5 10.Bxf6 gxf6 11.Nd5 Bg7 12.Bd3 Be6 13.O-O Rb8 14.c4 bxc4 15.Nxc4 O-O
16.Qh5 Nd4 17.b3 Re8 18.Nce3 a5 19.f4 Bxd5 20.Nxd5 exf4 21.Rac1 Re5 22.Qh4 f5
23.Qxd8+ Rxd8 24.Rc4 fxe4 25.Rxd4 exd3 26.Rxd3 Re2 27.Rf2 Re1+ 28.Rf1 Rxf1+
29.Kxf1 Be5 30.Ke2 Kf8 31.Kf3 Rc8 32.Nb6 Rc2 33.a4 Ke7 34.Nc4 Ke6 35.Nxa5 d5
36.Nb7 Rc7 37.Na5 Bd6 38.b4 Bxb4 39.Nb3 Ke5 40.a5 Bc3 41.a6 d4 42.Nc1 Kd5
43.Ne2 Kc4 44.Rd1 Ra7 45.Nxc3 dxc3 46.Rd6 c2 47.Rc6+ Kd3 48.Rd6+ Kc3 49.Rc6+ Kd2
50.Rd6+ Kc3 51.Rc6+ Kb2 52.Rb6+ Kc1 53.Kxf4 Rc7 54.Rb7 Rc4+ 55.Ke5 Kd1 56.Rxf7 c1=Q
57.Rf1+ Ke2 58.Rxc1 Rxc1 59.h4 Kf2  0-1

[Event "2nd Summer Open"]
[Site "Savaria HUN"]
[Date "2002.07.31"]
[Round "8"]
[White "Csonka,A"]
[Black "Dovzik,J"]
[Result "0-1"]
[WhiteElo "2330"]
[BlackElo "2399"]

1.e4 c5 2.Nf3 Nc6 3.d4 cxd4 4.Nxd4 e6 5.Nc3 Qc7 6.Be2 a6 7.O-O Nf6 8.Kh1 Nxd4
9.Qxd4 Bc5 10.Qd3 b5 11.f4 Bb7 12.Bf3 h5 13.e5 Ng4 14.Bxb7 Qxb7 15.Ne4 Rc8
16.c3 Be7 17.Be3 h4 18.h3 Nh6 19.Bd4 Nf5 20.Qf3 Qxe4  0-1

[Event "ch-IRI"]
[Site "Tehran IRI"]
[Date "2002.07.31"]
[Round "6"]
[White "Sadeghi,M"]
[Black "Akbarinia,S"]
[Result "1/2-1/2"]
[WhiteElo "2204"]
[BlackElo "2257"]

1.e4 c5 2.Nc3 Nc6 3.Nge2 e6 4.d4 cxd4 5.Nxd4 Qc7 6.Be2 a6 7.Be3 Nxd4 8.Qxd4 b5
9.O-O Bb7 10.a3 Rc8 11.Rac1 Nf6 12.Bf3 Bd6 13.g3 Be5 14.Qd3 Bxc3 15.bxc3 Qxc3
16.Bd4 Qxd3 17.cxd3 O-O 18.Bc5 Rfd8 19.Bb4 h6 20.Be2 d5 21.e5 Nd7 22.d4 Re8
23.Ba5 Nb8 24.f4 Rxc1 25.Rxc1 Rc8 26.Rxc8+ Bxc8 27.Kf2 Kf8 28.Bb4+ Ke8 29.Ke3 Nd7
30.Ba5 Bb7 31.g4 Nb8 32.h4 Nc6 33.Bd2 Ne7 34.Bd3 Bc8 35.h5 Bd7 36.Kf3 Nc8
37.Ba5 Ne7 38.Ke3 Nc6  1/2-1/2

[Event "Lost Boys Open"]
[Site "Amsterdam NED"]
[Date "2002.08.01"]
[Round "7"]
[White "Van der Wiel,J"]
[Black "Krnic,Z"]
[Result "1-0"]
[WhiteElo "2506"]
[BlackElo "2365"]

1.e4 c5 2.Nf3 Nc6 3.d4 cxd4 4.Nxd4 e6 5.Nc3 a6 6.Nxc6 bxc6 7.Bd3 d5 8.O-O Bb7
9.Qe2 Nf6 10.b3 Qc7 11.Kh1 Bd6 12.f4 dxe4 13.Nxe4 Nxe4 14.Qxe4 c5 15.Qe3 Qc6
16.Qh3 O-O-O 17.Bb2 h5 18.Rae1 Qc7 19.Be4 Bxe4 20.Rxe4 Bxf4 21.Bxg7 Rhg8
22.Qxh5 f5 23.Rexf4 Rxg7 24.Qe2 Qc6 25.R4f3 Rdg8 26.R1f2 Rg4 27.Re3 R8g6
28.h3 Rh6 29.Rff3 Kb7 30.Re5 Rd4 31.c3 Rd6 32.Rg3 Kb6 33.b4 cxb4 34.Qe3+  1-0

[Event "Lost Boys Open"]
[Site "Amsterdam NED"]
[Date "2002.08.02"]
[Round "8"]
[White "Dambacher,M"]
[Black "Hendriks,W"]
[Result "1/2-1/2"]
[WhiteElo "2297"]
[BlackElo "2410"]

1.e4 c5 2.Nf3 Nc6 3.d4 cxd4 4.Nxd4 e6 5.Nc3 Qc7 6.f4 a6 7.Nxc6 Qxc6 8.Bd3 b5
9.Qe2 Bb7 10.Bd2 Nf6 11.a3 b4 12.axb4 Bxb4 13.e5 Nd5 14.Nxd5 Bxd2+ 15.Qxd2 Qxd5
16.O-O O-O 17.Kh1 g6 18.Ra5 Qd4 19.b3 Bc6 20.Qe2 f6 21.exf6 Rxf6 22.Qe5 Qxe5
23.fxe5 Rxf1+ 24.Bxf1 Be4 25.Rxa6 Rf8 26.Kg1 Bxc2 27.Rb6 Rf5 28.b4 Rxe5 29.Kf2 Kf7
30.Rb8 Ke7 31.b5 Kd6 32.b6 Rf5+ 33.Ke1 Be4 34.Rh8 Ra5 35.Rxh7 Ra1+ 36.Kf2 Ra2+
37.Ke3 Bxg2 38.Bb5 Kc5 39.Bxd7 Bd5 40.b7 Bxb7 41.Bxe6  1/2-1/2

[Event "ch-IRI"]
[Site "Tehran IRI"]
[Date "2002.08.02"]
[Round "8"]
[White "Sadeghi,M"]
[Black "Ghorbani,M"]
[Result "1-0"]
[WhiteElo "2204"]
[BlackElo "2328"]

1.e4 c5 2.Nf3 e6 3.d4 cxd4 4.Nxd4 Nc6 5.Nc3 Qc7 6.Be2 a6 7.O-O Nf6 8.Kh1 Bc5
9.Nb3 Be7 10.f4 d6 11.Bf3 Rb8 12.a4 b6 13.Qe1 Bb7 14.Be3 O-O 15.Qf2 Ba8 16.g4 Nd7
17.Bg2 Nb4 18.Rae1 Nf6 19.h3 d5 20.e5 Ne4 21.Nxe4 dxe4 22.Re2 Bd5 23.f5 f6
24.exf6 Bxf6 25.Bf4 e5 26.Be3 Qc6 27.Nd2 Be7 28.Kh2 Qxc2 29.Nxe4 Qc7 30.Rd1 Bc6
31.b3 h6 32.Red2 Kh8 33.g5 Qb7 34.gxh6 Rf7 35.hxg7+ Kxg7 36.Qg3+ Kh8 37.Qxe5+ Kh7
38.f6  1-0

[Event "ch-SLO"]
[Site "Dobrna SLO"]
[Date "2002.08.05"]
[Round "3"]
[White "Mohr,G"]
[Black "Lenic,L"]
[Result "1-0"]
[WhiteElo "2523"]
[BlackElo "2182"]

1.e4 c5 2.Nf3 Nc6 3.Nc3 e6 4.d4 cxd4 5.Nxd4 Nf6 6.a3 d5 7.Bb5 Bd7 8.exd5 Nxd4
9.Bxd7+ Qxd7 10.Qxd4 Be7 11.Be3 exd5 12.O-O-O O-O 13.Nxd5 Nxd5 14.Qxd5 Qc7
15.Qd7 Qe5 16.Qd5 Qc7 17.Bd4 Rac8 18.c3 Rfd8 19.Qe5 Qxe5 20.Bxe5 Re8 21.Bd4 a6
22.Rhe1 Bg5+ 23.Kc2 f6 24.Rxe8+ Rxe8 25.Be3 Bxe3 26.Re1 Kf7 27.Rxe3 Rc8 28.b3 b5
29.Re4 Rc6 30.a4 f5 31.axb5 Rg6 32.Re5 axb5 33.g3 b4 34.Rxf5+ Ke6 35.Rb5 bxc3
36.Rb6+  1-0

[Event "II UPI"]
[Site "Mancha Real ESP"]
[Date "2002.08.05"]
[Round "4"]
[White "Rodriguez Guerrero,E"]
[Black "Manzaneda Avila,P"]
[Result "1-0"]
[WhiteElo "2324"]
[BlackElo "2131"]

1.e4 c5 2.Nc3 e6 3.Nf3 Nc6 4.d4 cxd4 5.Nxd4 Nf6 6.Nxc6 bxc6 7.e5 Nd5 8.Ne4 Qc7
9.f4 Qb6 10.c4 Ne3 11.Qd3 Nf5 12.g4 Nd4 13.Bg2 Bb7 14.Kf1 a5 15.Be3 c5 16.Rd1 Rd8
17.Nxc5 Bxc5 18.Bxd4 Bxg2+ 19.Kxg2 Qb7+ 20.Kg3 Bxd4 21.Qxd4 h5 22.g5 h4+
23.Kf2 Qc6 24.Rhe1 Qa4 25.Re3 Qc2+ 26.Re2 Qf5 27.Rd3 h3 28.Qe4 Qg4 29.Rg3 Qh4
30.Rd2 Rh5 31.Kf1 Rb8 32.b3 a4 33.Qf3 axb3 34.axb3 Rxb3 35.Qxb3 Qxf4+ 36.Qf3 Qxd2
37.Qxh5 Qc1+ 38.Kf2 Qf4+ 39.Qf3 Qd4+ 40.Qe3 Qb2+ 41.Qe2  1-0

[Event "9th Open"]
[Site "Nice FRA"]
[Date "2002.08.05"]
[Round "1"]
[White "Delchev,A"]
[Black "Voloaca,M"]
[Result "1-0"]
[WhiteElo "2557"]
[BlackElo "2170"]

1.e4 c5 2.Nf3 e6 3.Nc3 Nc6 4.d4 cxd4 5.Nxd4 Qc7 6.Be2 a6 7.O-O Nf6 8.Be3 Be7
9.f4 d6 10.a4 Bd7 11.Nb3 O-O 12.a5 Nb4 13.Bf3 e5 14.Rf2 Rfe8 15.Rd2 Be6 16.Nd5 Nbxd5
17.exd5 exf4 18.Bb6 Qc8 19.dxe6 fxe6 20.Rd3  1-0

[Event "ch-GBR"]
[Site "Torquay ENG"]
[Date "2002.08.05"]
[Round "7"]
[White "Tan,D"]
[Black "Dorrington,C"]
[Result "1-0"]
[WhiteElo "2292"]
[BlackElo "2218"]

1.e4 c5 2.Nc3 e6 3.Nf3 Nc6 4.d4 cxd4 5.Nxd4 d6 6.Bc4 Nf6 7.O-O Be7 8.Be3 O-O
9.Qe2 Bd7 10.Rad1 Qc7 11.Bb3 a6 12.a4 Na5 13.Ba2 Rac8 14.Kh1 Nc4 15.Bc1 e5
16.Nf5 Bxf5 17.exf5 Rfd8 18.f4 exf4 19.Bxc4 Qxc4 20.Qxe7 Re8 21.Qxb7  1-0

[Event "ch-GBR"]
[Site "Torquay ENG"]
[Date "2002.08.05"]
[Round "7"]
[White "Ashton,A"]
[Black "Taylor,RM"]
[Result "1/2-1/2"]
[WhiteElo "2152"]
[BlackElo "2195"]

1.e4 c5 2.Nf3 e6 3.d4 cxd4 4.Nxd4 Nc6 5.Nc3 d6 6.Be2 Be7 7.Be3 Nf6 8.O-O O-O
9.f4 e5 10.fxe5 dxe5 11.Nf5 Bxf5 12.Rxf5 Qc8 13.Bd3 Qe6 14.Qf3 Rad8 15.Rf1 Nd4
16.Bxd4 Rxd4 17.Qg3 Nd7 18.Nd5 g6 19.Nxe7+ Qxe7 20.R5f3  1/2-1/2

[Event "ch-GBR"]
[Site "Torquay ENG"]
[Date "2002.08.05"]
[Round "7"]
[White "Haslinger,S"]
[Black "Emms,J"]
[Result "1/2-1/2"]
[WhiteElo "2310"]
[BlackElo "2544"]

1.e4 c5 2.Nf3 e6 3.d4 cxd4 4.Nxd4 Nc6 5.Nc3 Qc7 6.Be2 a6 7.O-O Nf6 8.Kh1 Be7
9.f4 d6 10.a4 O-O 11.Be3 Rd8 12.Qe1 Nxd4 13.Bxd4 e5 14.Be3 exf4 15.Bxf4 Be6
16.Qg3 Nd7 17.Bd3 Ne5 18.a5 g6 19.Be3 Re8 20.Bb6 Qc6 21.Bd4 Qc7 22.Bb6 Qd7
23.Nd5 Bxd5 24.exd5 Bf8 25.c4 Bg7 26.Bc2 Nxc4 27.Ba4 Qe7 28.Bxe8 Rxe8 29.Rae1 Be5
30.Qf2 Nxb6 31.axb6 Rc8 32.Rc1 Rxc1 33.Rxc1 Bf6 34.Qe1 Qd7 35.Rc7 Qb5 36.Rxb7 Kg7
37.Qd1 Qxb2 38.g3 a5 39.Qf1 Qb3 40.Rb8 Qxd5+ 41.Qg2 Qd1+ 42.Qg1 Qd3 43.b7 Qe4+
44.Qg2 Qb1+ 45.Qg1 Qe4+ 46.Qg2 Qb1+ 47.Qg1 Qb5 48.h4 a4 49.Qa7 Qf1+ 50.Qg1  1/2-1/2

[Event "6th Open"]
[Site "Genova ITA"]
[Date "2002.08.06"]
[Round "5"]
[White "Gentile,C"]
[Black "Sbarra,M"]
[Result "1/2-1/2"]
[WhiteElo "2114"]
[BlackElo "2237"]

1.e4 c5 2.Nf3 Nc6 3.d4 cxd4 4.Nxd4 e6 5.Nc3 Qc7 6.Be2 a6 7.f4 b5 8.Nxc6 Qxc6
9.Qd4 Bb7 10.Bf3 Rc8 11.Be3 b4 12.e5 Qc7 13.Ne4 Bxe4 14.Bxe4 d5 15.exd6 Qxd6  1/2-1/2

[Event "II UPI"]
[Site "Mancha Real ESP"]
[Date "2002.08.07"]
[Round "6"]
[White "Carruana Fuentes,R"]
[Black "Rodriguez Guerrero,E"]
[Result "0-1"]
[WhiteElo "2096"]
[BlackElo "2324"]

1.e4 c5 2.Nf3 e6 3.d4 cxd4 4.Nxd4 Nc6 5.Nc3 Qc7 6.Be2 a6 7.O-O Nf6 8.Be3 Be7
9.f4 d6 10.Qd2 O-O 11.Bf3 Na5 12.b3 Bd7 13.Nce2 e5 14.Ng3 exd4 15.Bxd4 Nc6
16.Bb2 b5 17.e5 dxe5 18.fxe5 Ng4 19.Bd5 Be6 20.Be4 Rad8 21.Qf4 Bc5+ 22.Kh1 Be3
23.Qf3 Nd4 24.Bxd4 Bxd4 25.Rae1 Bxe5 26.Nf5 Nxh2 27.Qh3 g6 28.Nh6+ Kg7 29.Nf5+ Kg8
30.Nh6+ Kh8 31.Nxf7+ Rxf7 32.Qxe6 Rxf1+ 33.Rxf1 Nxf1  0-1

[Event "ch-GBR"]
[Site "Torquay ENG"]
[Date "2002.08.07"]
[Round "9"]
[White "Ramesh,R"]
[Black "Kunte,A"]
[Result "1-0"]
[WhiteElo "2456"]
[BlackElo "2477"]

1.e4 c5 2.Nf3 e6 3.d4 cxd4 4.Nxd4 Nc6 5.Nc3 Qc7 6.Be3 a6 7.Qd2 Nf6 8.O-O-O Ng4
9.Bf4 Nge5 10.Bg3 Nxd4 11.Qxd4 f6 12.f4 Bc5 13.Qd2 Nf7 14.f5 Qc6 15.e5 fxe5
16.fxe6 dxe6 17.Bd3 Bd4 18.Rhe1 Bxc3 19.bxc3 Bd7 20.Re4 Rc8 21.Rg4 O-O 22.Bh4 Kh8
23.Qe2 e4 24.Rxg7 exd3 25.Bf6 Qxc3 26.Rg8+  1-0

[Event "FSIMA August"]
[Site "Budapest HUN"]
[Date "2002.08.08"]
[Round "6"]
[White "Le Dinh Tuan"]
[Black "Erdelyi,Z"]
[Result "0-1"]
[WhiteElo "2361"]
[BlackElo "2244"]

1.e4 c5 2.Ne2 Nc6 3.Nbc3 e6 4.d4 cxd4 5.Nxd4 Qc7 6.Be2 a6 7.O-O Nf6 8.Be3 Bb4
9.Na4 Be7 10.Nxc6 bxc6 11.Nb6 Rb8 12.Nxc8 Qxc8 13.e5 Nd5 14.Bc1 Bc5 15.Qd3 O-O
16.Qg3 Ne7 17.Bd3 Ng6 18.c3 a5 19.b3 Qc7 20.Re1 d6 21.Bxg6 hxg6 22.Bf4 d5
23.Rad1 Be7 24.Rd3 a4 25.bxa4 Rb2 26.h4 Ra8 27.c4 Rxa4 28.cxd5 cxd5 29.a3 Bc5
30.Rf3 Ra2 31.Rc1 Rc4 32.Rxc4 dxc4 33.h5 gxh5 34.Bh6 Bf8 35.Qg5 Ra1+ 36.Kh2 Re1
37.Qd2 Qxe5+ 38.Bf4 Qa1 39.Qd8 Rh1+ 40.Kg3 Qb1 41.Rc3 Qe4 42.Re3 h4+  0-1

[Event "6th Open"]
[Site "Genova ITA"]
[Date "2002.08.08"]
[Round "7"]
[White "Mateo,Ra"]
[Black "Todorov,O"]
[Result "1/2-1/2"]
[WhiteElo "2410"]
[BlackElo "2376"]

1.e4 c5 2.Nf3 e6 3.d4 cxd4 4.Nxd4 Nc6 5.Nc3 Qc7 6.Be3 a6 7.f4 Nxd4 8.Qxd4 b5
9.Be2 Bb7 10.O-O Rc8 11.Kh1 Nf6 12.e5 Nd5 13.Nxd5 Bxd5 14.c3 Qb7 15.Bf3 Bxf3
16.Rxf3 Bc5 17.Qd2 Be7 18.f5 exf5 19.Rg3 g6 20.Bd4 Qd5 21.b4 h5 22.Rd3 Qe6
23.a4 O-O 24.Qe2  1/2-1/2

[Event "GPA Open"]
[Site "Ontario CAN"]
[Date "2002.08.08"]
[Round "3"]
[White "Masse,H"]
[Black "Divljan,I"]
[Result "0-1"]
[WhiteElo "2095"]
[BlackElo "2226"]

1.e4 c5 2.Nf3 e6 3.d4 cxd4 4.Nxd4 Nc6 5.Nc3 Qc7 6.Be2 a6 7.O-O Nf6 8.Be3 Bb4
9.Na4 O-O 10.Nxc6 bxc6 11.Nb6 Rb8 12.Nxc8 Rfxc8 13.Bxa6 Rf8 14.Bd3 Bd6 15.g3 Rxb2
16.Bd4 Rb7 17.Qe2 Be5 18.Bxe5 Qxe5 19.a4 Ra8 20.Ra3 d6 21.Rfa1 Ra5 22.f4 Qd4+
23.Qf2 Qxf2+ 24.Kxf2 Nd7 25.Ke3 Nc5 26.c3 Rb2 27.h4 Kf8 28.Bf1 Ke7 29.Bh3 Rb3
30.Kd4 Rxa3 31.Rxa3 Rxa4+ 32.Rxa4 Nxa4 33.Bf1 Nb6 34.Be2 c5+ 35.Ke3 d5 36.exd5 exd5
37.Bg4 Nc4+ 38.Kd3 Nd6 39.Bf3 Ke6 40.Bg4+ f5  0-1

[Event "It"]
[Site "Stockholm SWE"]
[Date "2002.08.08"]
[Round "6"]
[White "Olsson,An"]
[Black "Ernst,T"]
[Result "1-0"]
[WhiteElo "2327"]
[BlackElo "2462"]

1.e4 c5 2.Nf3 e6 3.d4 cxd4 4.Nxd4 Nc6 5.Nc3 a6 6.g3 Qc7 7.Bg2 Nf6 8.O-O Be7
9.Re1 Nxd4 10.Qxd4 Bc5 11.Qd1 d6 12.Bg5 O-O 13.Bxf6 gxf6 14.Qg4+ Kh8 15.Qh4 Kg7
16.Qg4+ Kh8 17.Qh4 Kg7 18.Rad1 Bd7 19.e5 dxe5 20.Re4 Rg8 21.Rg4+ Kf8 22.Rxg8+ Kxg8
23.Ne4 Be7 24.Nxf6+ Bxf6 25.Qxf6 Bc6 26.Bxc6 Qxc6 27.c3 Qe4 28.Rd7 Rf8 29.h4 b5
30.Ra7 Qb1+ 31.Kg2 Qxa2 32.Qg5+ Kh8 33.Qxe5+ Kg8 34.Rd7 f6 35.Qe4 Rf7 36.Rd8+ Kg7
37.Qg4+ Kh6 38.Qf4+ Kg7 39.h5 Qc4 40.h6+ Kg6 41.Rg8+ Kh5 42.g4+  1-0

[Event "6th Open"]
[Site "Genova ITA"]
[Date "2002.08.09"]
[Round "8"]
[White "Di Paolo,R"]
[Black "Kogan,A"]
[Result "0-1"]
[WhiteElo "2319"]
[BlackElo "2530"]

1.e4 c5 2.Nf3 Nc6 3.Nc3 e6 4.d4 cxd4 5.Nxd4 Qc7 6.Be2 a6 7.O-O Bc5 8.Nxc6 dxc6
9.Kh1 b5 10.f4 e5 11.Qd3 Qd6 12.Qf3 Ne7 13.a4 Rb8 14.axb5 axb5 15.f5 O-O
16.Qg3 Kh8 17.Qh4 Ng8 18.Rf3 Bb6 19.Rd3 Qe7 20.Bg5 f6 21.Bd2 Bb7 22.b4 Ra8
23.Rb1 Rfd8 24.Rh3 h6 25.Bd3 Ra3 26.Ne2 Rda8 27.Qe1 Bc8 28.Ng1 g5 29.g4 Qa7
30.Nf3 Ra1 31.Bc3 Rxb1 32.Qxb1 Bc7 33.Qe1 Bd7 34.Rg3 Kg7 35.h4 gxh4 36.Rh3 Bb6
37.Nxh4 Bd4 38.Kg2 Bxc3 39.Qxc3 Be8 40.Nf3 Qa1 41.Qd2 Qa7 42.Rh1 Qe7 43.Qc3 Ra4
44.Rb1 Qd6 45.Qe1 Bf7 46.Qd2 Ra3 47.Qf2 Ba2 48.Rh1 Qxb4 49.Qb6 Qc3 50.Qd8 Bf7
51.Qd6 c5 52.Rxh6 Nxh6 53.g5 Ng8 54.g6 Nh6  0-1

[Event "GPA Open"]
[Site "Ontario CAN"]
[Date "2002.08.09"]
[Round "5"]
[White "Pushkedra,F"]
[Black "Cummings,D"]
[Result "1/2-1/2"]
[WhiteElo "2293"]
[BlackElo "2371"]

1.e4 c5 2.Nf3 e6 3.d4 cxd4 4.Nxd4 Nc6 5.Nc3 Qc7 6.Be3 a6 7.Bd3 b5 8.O-O Bb7
9.Nb3 Nf6 10.f4 d6 11.Qf3 Be7 12.a4 b4 13.Ne2 Na5 14.Nxa5 Qxa5 15.Ng3 h5
16.Bd4 h4 17.Nh1 e5 18.fxe5 dxe5 19.Be3 Qc7 20.Nf2 Bc8 21.Qe2 Bc5 22.Kh1 Nh5
23.b3 Bxe3 24.Qxe3 Nf4 25.Bc4 O-O 26.Nd3 Nxd3 27.cxd3 Be6 28.h3 Qe7 29.a5 Rfd8
30.Qb6 Rab8 31.Qe3 Bxc4 32.dxc4 Rd4 33.Rf5 Rbd8 34.Raf1 f6 35.Rh5 Rd3 36.Qf2 Rd1
37.Rxd1  1/2-1/2

[Event "GPA Open"]
[Site "Ontario CAN"]
[Date "2002.08.10"]
[Round "7"]
[White "Raheb,D"]
[Black "Divljan,I"]
[Result "1-0"]
[WhiteElo "2127"]
[BlackElo "2226"]

1.e4 c5 2.Nf3 e6 3.d4 cxd4 4.Nxd4 Nc6 5.Nc3 Qc7 6.Be2 a6 7.O-O Nf6 8.Be3 Bb4
9.Na4 O-O 10.Nxc6 bxc6 11.c4 Bd6 12.f4 Nxe4 13.Qd4 f5 14.c5 Be7 15.Bf3 Nf6
16.Nb6 Rb8 17.Rfd1 Nd5 18.Bxd5 cxd5 19.Rac1 Bb7 20.a4 Qc6 21.Qd2 Bd8 22.b4 d6
23.a5 Bxb6 24.cxb6 Qb5 25.Rc7 e5 26.fxe5 dxe5 27.Bh6 Rf7 28.Bxg7 Rxg7 29.Rxg7+ Kxg7
30.Qg5+ Kh8 31.Qf6+ Kg8 32.Qe6+ Kg7 33.Qxe5+ Kg6 34.Qxb8 Qe2 35.Qg3+  1-0

[Event "11th Open"]
[Site "Kavala GRE"]
[Date "2002.08.11"]
[Round "2"]
[White "Reedijk,J"]
[Black "Halkias,S"]
[Result "1/2-1/2"]
[WhiteElo "2264"]
[BlackElo "2550"]

1.e4 c5 2.Nf3 Nc6 3.Nc3 e6 4.d4 cxd4 5.Nxd4 Qc7 6.Be2 a6 7.Be3 Nf6 8.O-O Bb4
9.Nxc6 bxc6 10.Na4 Rb8 11.c4 Be7 12.c5 O-O 13.Qc2 Rb4 14.a3 Rxe4 15.g3 a5
16.Bf3 Rxe3 17.fxe3 Ba6 18.Rfe1 Rb8 19.Rab1 Bb5 20.b4 axb4 21.axb4 Bxa4 22.Qxa4 Qe5
23.Qc2 Nd5 24.Bxd5 exd5 25.Qd3 h5 26.Qd4 Qe6 27.e4 dxe4 28.Rbd1 f5 29.Qxd7 Kf7
30.Rf1 g6 31.Qd4 Rb7 32.Qh8 Qf6 33.Qh6 Qg7 34.Qxg7+ Kxg7 35.Rb1 Rxb4 36.Rfc1 Rxb1
37.Rxb1 Bxc5+ 38.Kf1 Bd4 39.h4 g5 40.hxg5 Kg6 41.Rb8 Kxg5 42.Rg8+ Kh6 43.Ke2 c5
44.Rc8 Kg6 45.Rg8+ Kh6 46.Rf8 Kg6 47.Rg8+ Bg7 48.Rc8 Be5 49.Kf2 Bd4+ 50.Ke2 h4
51.gxh4 f4 52.Rf8 f3+ 53.Kf1 f2 54.Ke2 e3 55.Rf3 Kh5 56.Rf4 Kg6 57.Rf3 Kh6
58.Rf8 Kg6 59.Rf3 Kh7 60.Rf7+ Kg8  1/2-1/2

[Event "11th Open"]
[Site "Kavala GRE"]
[Date "2002.08.13"]
[Round "5"]
[White "Lupulescu,C"]
[Black "Zozulia,A"]
[Result "1/2-1/2"]
[WhiteElo "2476"]
[BlackElo "2309"]

1.e4 c5 2.Nf3 Nc6 3.Nc3 e6 4.d4 cxd4 5.Nxd4 Nf6 6.Nxc6 bxc6 7.e5 Nd5 8.Ne4 Qc7
9.f4 Qb6 10.c4 Bb4+ 11.Ke2 Ba6 12.Kf3 f5 13.Nf2 Ne7 14.Be3 Bc5 15.Bxc5 Qxc5
16.Qd6 Qxd6 17.exd6 Ng6 18.b3 c5 19.Nd3 Rc8 20.h4 O-O 21.h5 Nh8 22.Ne5 Rfd8
23.Be2 Nf7 24.Ke3 Nxe5 25.fxe5 Bb7 26.Rhg1 Rf8 27.Raf1 a5 28.Bd3 Bc6 29.Kd2 Rb8
30.Kc3 Ra8 31.Rf2 Rab8 32.g3 Ra8 33.Rgf1 g6 34.Rh2 Kg7 35.h6+ Kg8 36.a3 Rab8
37.Rh4 Ra8 38.Bc2 Rab8 39.Rh2 Ra8 40.Bd1 Rab8 41.Rff2 Ra8 42.Bf3 Bxf3 43.Rxf3 Rfb8
44.Rf1 Rf8 45.Rb2 Rfb8 46.Rfb1 Kf7 47.Kd2 g5 48.b4 axb4 49.axb4 Ra4 50.bxc5 Rxb2+
51.Rxb2 Rxc4 52.Rb5 Kg6 53.Kd3 Rc1 54.Kd2 Rc4 55.Kd3 Rc1  1/2-1/2

[Event "ch-EST w"]
[Site "Kilingi-Nomme EST"]
[Date "2002.08.13"]
[Round "6"]
[White "Narva,R"]
[Black "Fomina,T"]
[Result "1-0"]
[WhiteElo "2056"]
[BlackElo "2235"]

1.e4 c5 2.Nf3 e6 3.d4 cxd4 4.Nxd4 Nc6 5.Nc3 Qc7 6.g3 a6 7.Nde2 Bc5 8.Bg2 b5
9.a3 Nf6 10.h3 Bb7 11.O-O Qb6 12.g4 h6 13.Ng3 Ne5 14.Qe2 g6 15.Bf4 d6 16.Rad1 g5
17.Bc1 Ke7 18.b4 Bd4 19.Nd5+ Bxd5 20.exd5 Rac8 21.dxe6 fxe6 22.Kh1 Rc3 23.Bb2 Rc4
24.Bxd4 Rxd4 25.Qe3 Rxd1 26.Qxb6 Rd2 27.Ne4 Nfd7 28.Qxa6 Rd4 29.Qxb5 h5 30.gxh5 Rxh5
31.c3 Rd3 32.f4 gxf4 33.Rxf4 Rd1+ 34.Rf1 Rd3 35.Nf2 Rxc3 36.Qe2 Rh8 37.a4 Rc4
38.Rb1 d5 39.a5 Rhh4 40.b5 Kd6 41.b6 Rb4 42.Qa2 Ra4 43.Qd2 Rhd4 44.Qe1 Nc6
45.Qc3 Rxa5 46.b7 Rc5 47.Qa3 Kc7 48.Nd3 Ra5 49.Qc3 Rc4 50.Qe1 Ra3 51.Ne5 Rxh3+
52.Bxh3 Re4 53.Qc3 Rxe5 54.b8=Q+ Nxb8 55.Rxb8 d4 56.Rc8+  1-0

[Event "11th Open"]
[Site "Kavala GRE"]
[Date "2002.08.14"]
[Round "6"]
[White "Parligras,M"]
[Black "Botsari,A"]
[Result "1-0"]
[WhiteElo "2511"]
[BlackElo "2329"]

1.e4 c5 2.Nc3 Nc6 3.Nf3 e6 4.d4 cxd4 5.Nxd4 Qc7 6.Be3 a6 7.Bd3 Nf6 8.O-O h5
9.h3 b5 10.Nxc6 Qxc6 11.Be2 Bb7 12.Bf3 e5 13.Bg5 Bb4 14.Bxf6 Bxc3 15.Bxg7 Rg8
16.bxc3 Rxg7 17.Re1 Qxc3 18.Re3 Qc5 19.Bxh5 O-O-O 20.Bg4 Kb8 21.a4 d5 22.axb5 axb5
23.Rb3 Rd6 24.Rab1 dxe4 25.Qe2 f5 26.Bxf5 e3 27.Rxb5 Rxg2+ 28.Kh1 Rg7+ 29.Be4  1-0

[Event "ADCF Masters"]
[Site "Abu Dhabi UAE"]
[Date "2002.08.15"]
[Round "4"]
[White "Bakre,T"]
[Black "Prasad,D"]
[Result "1-0"]
[WhiteElo "2450"]
[BlackElo "2420"]

1.e4 c5 2.Nf3 Nc6 3.d4 cxd4 4.Nxd4 e6 5.Nc3 Qc7 6.g3 a6 7.Bg2 Nf6 8.O-O Be7
9.Re1 O-O 10.Nxc6 dxc6 11.e5 Rd8 12.Qf3 Nd5 13.h4 h6 14.Qg4 Kh8 15.Qh5 Nxc3
16.bxc3 Bf8 17.Qf3 Rb8 18.g4 g6 19.h5 g5 20.Qe4 Qe7 21.Bf1 Bg7 22.Bd3 Kg8
23.f4 gxf4 24.Bxf4 Qc5+ 25.Re3 Qxc3 26.Rf1 Kf8 27.Qh7 Qd4 28.Be4  1-0

[Event "ADCF Masters"]
[Site "Abu Dhabi UAE"]
[Date "2002.08.15"]
[Round "5"]
[White "Kayumov,S"]
[Black "Poluljahov,A"]
[Result "0-1"]
[WhiteElo "2267"]
[BlackElo "2512"]

1.e4 c5 2.Nf3 e6 3.d4 cxd4 4.Nxd4 Nc6 5.Nc3 Qc7 6.Be2 a6 7.O-O Nf6 8.Kh1 Nxd4
9.Qxd4 Bc5 10.Qd3 b5 11.f4 Bb7 12.Bf3 h5 13.e5 Ng4 14.Bxb7 Qxb7 15.Ne4 Rc8
16.Bd2 Be7 17.a3 f5 18.exf6 gxf6 19.Bb4 d5 20.Ng5 fxg5 21.Qg6+ Kd8 22.Qg7 Re8
23.Ba5+ Kd7 24.f5 Qb8 25.g3 Qe5 26.Qxe5 Nxe5 27.Bc3 Bd6 28.Rae1 Nc6  0-1

[Event "11th Open"]
[Site "Kavala GRE"]
[Date "2002.08.15"]
[Round "7"]
[White "Lupulescu,C"]
[Black "Fakhiridou,E"]
[Result "1-0"]
[WhiteElo "2476"]
[BlackElo "2304"]

1.e4 c5 2.Nf3 Nc6 3.Nc3 e6 4.d4 cxd4 5.Nxd4 Qc7 6.g3 a6 7.Bg2 Nf6 8.O-O Bb4
9.Nce2 h5 10.f4 Bc5 11.e5 Ng4 12.h3 Nh6 13.Be3 Ne7 14.Bf2 Nhf5 15.c4 d6 16.exd6 Qxd6
17.a3 e5 18.Nxf5 Nxf5 19.Qxd6 Bxd6 20.c5 Bc7 21.fxe5 O-O 22.Nd4 Bxe5 23.Nxf5 Bxf5
24.Bxb7 Rab8 25.c6 Bxh3 26.Rfe1 Bxb2 27.Ra2 Bc3 28.Rc1 Be5 29.Bxa6 Rb2 30.Rxb2 Bxb2
31.Rc5 Bxa3 32.Rxh5 Be6 33.Ra5 Bd6 34.Bb7 f5 35.Bc5 Bxc5+ 36.Rxc5 f4 37.gxf4 Rxf4
38.c7 Kf8 39.Kg2 Rb4 40.c8=Q+ Bxc8 41.Bxc8 Ke7 42.Kg3 Kf6 43.Bg4 Rb6 44.Kh4 Kg6
45.Rc8 Ra6 46.Bh5+ Kh7 47.Bd1 Kg6 48.Bc2+ Kf6 49.Rf8+ Ke7 50.Rf1 Ra5 51.Bb3 Rb5
52.Rf7+ Ke8 53.Rf3 Ke7 54.Kg4 Kd6 55.Bc2 Rc5 56.Bf5 Rc1 57.Kg5 Rg1+ 58.Bg4 Ke5
59.Rf5+ Ke4 60.Rf7 Ra1 61.Re7+ Kd4 62.Rxg7 Rf1 63.Re7 Kd5 64.Bf5 Kd6 65.Re2 Kd5
66.Kf6 Kd4 67.Rd2+ Kc5 68.Ke5 Re1+ 69.Be4 Kc4 70.Rc2+ Kb3 71.Rc8 Ra1 72.Kd4 Ra7
73.Rb8+ Ka3 74.Bd3 Ka4 75.Bc4 Rc7 76.Kc3 Ka5 77.Rb1 Rc6 78.Kd4 Rb6 79.Ra1+ Kb4
80.Bd5 Rh6 81.Rb1+ Ka4 82.Kc5 Ka3 83.Rb3+ Ka4 84.Rg3 Rh5 85.Rf3 Rg5 86.Rh3 Rf5
87.Rh2  1-0

[Event "Botvinnik Mem A"]
[Site "Elista RUS"]
[Date "2002.08.17"]
[Round "1"]
[White "Karasev,V"]
[Black "Taimanov,M"]
[Result "1/2-1/2"]
[WhiteElo "2465"]
[BlackElo "2425"]

1.e4 c5 2.Nf3 e6 3.d4 cxd4 4.Nxd4 Nc6 5.Nc3 Qc7 6.Nxc6 bxc6 7.Bd3 Nf6 8.O-O Be7
9.Kh1 d5 10.Qe2 O-O 11.f4 Rb8 12.b3 Qa5 13.Bd2 Bb4 14.a3 Bxc3 15.b4 Qa4 16.Bxc3 Nxe4
17.Bxe4 dxe4 18.Qxe4 Rb5 19.Bd4 Rf5 20.c4 h5 21.Qe3 Qa6 22.Rac1 f6 23.Bxa7 e5
24.Bc5 Re8 25.Bd6 Re6 26.fxe5 Rxf1+ 27.Rxf1 Qxc4 28.Qf3 Ba6 29.Rd1 Qe2 30.Qxe2 Bxe2
31.Re1 fxe5 32.Rxe2 Rxd6 33.Kg1 Rd5 34.Kf2 Kf7 35.Ke3 Rd1 36.Ra2 Ke6 37.Rc2 Kd5
38.Rc5+ Kd6 39.Rc3 Re1+ 40.Kd2 Ra1 41.Rd3+ Ke6 42.Rc3 Ra2+ 43.Rc2 Rxa3 44.Rxc6+ Kd5
45.Rg6 Rb3 46.Rxg7 Rxb4 47.Rh7 Rb2+ 48.Ke3 Rxg2 49.Rxh5 Ra2 50.Rh4 Ra3+ 51.Ke2 e4
52.Rh8 Kd4 53.Rd8+ Ke5 54.Re8+ Kf4 55.Rf8+ Kg4 56.Rg8+ Kf4 57.Rf8+ Ke5 58.h4 Rh3
59.Rh8 Kf4 60.Rf8+ Kg4 61.Rg8+ Kxh4 62.Rh8+ Kg4 63.Rxh3 Kxh3 64.Ke3 Kg4 65.Kxe4  1/2-1/2